| 000 | 00000nam##2200000za#4500 |
| 001 | 9.590004 |
| 003 | CaOODSP |
| 005 | 20210624195922 |
| 007 | cr ||||||||||| |
| 008 | 150406|1993||||xxc|||||o f|0| 0 fre|d |
| 040 | |aCaOODSP|bfre |
| 041 | |aeng |
| 041 | |afre |
| 043 | |an-cn--- |
| 086 | 1 |aFs97-4-2210-PDF |
| 110 | 1 |aCanada. |bMinistère des pêches et des océans. |
| 245 | 10|aListe des publications subventionnées par le MPO - Direction des Sciences, Région du Golfe, 1982 – 1992 / |h[ressource électronique]|ccompilée par Christa Bourque et Paulette Lévesque. |
| 250 | |aÉdition revue et corrigée |
| 260 | |aOttawa - Ontario : |bPêches et Océans Canada |c1993. |
| 300 | |a53p. |
| 490 | 1 |aRapport manuscrit canadien des sciences halieutiques et aquatiques|vN° . 2210 |
| 500 | |aSur la p. de t. : Centre des pêches du Golfe, Moncton, N.-B. Le numéro de catalogue et l'ISSN de l'édition imprimée apparaissent dans la version PDF. |
| 590 | |a14-09-Supp|b2014-04-23 |
| 720 | 1 |aBourque, Christa |
| 720 | 1 |aLévesque, Paulette |
| 791 | |tList of DFO-sponsored publications Science Branch, Gulf Region, 1982 – 1992 / |eeng|w(CaOODSP)9.590003 |
| 830 | #0|aRapport manuscrit canadien des sciences halieutiques et aquatiques ;|vN° . 2210|w(CaOODSP)9.500266 |
| 856 | 40|ahttp://publications.gc.ca|qPDF|s858 Ko|uhttps://publications.gc.ca/collections/collection_2014/mpo-dfo/Fs97-4-2210.pdf|yN° . 2210 |